00728nam a2200253 a 4500001001300000003000900013005001700022008004100039020002300080082001400103100001700117245003400134260003500168300001000203500003500213505002000248650002000268700002900288700001800317902000800335942000700343952010700350999001700457nice12345678IN_TiNIC20260116014003.0050524s1989 newa grp 000 0 eng  a0679951 c41000a150bJUN2 aJung, Carl G aMemories, Dreams, Reflections aNew YorkbVintage Books c1989 a430p. aincludes index and biblioraphy2 aAcknowledgments aPsychology-Jung1 aRichard Andclara Winston1 aJaffe, Aniela bSRS cBK 00104070aHMIbHMId2007-03-15g410.00l5o150 JUN2p019642r2019-01-29s2019-01-22w2026-01-16yEB c13385d13385